Champions of Freedom the Ludwig von Mises Lecture Series: M. Stanton Evans, Thomas Sowell, Arthur Shenfield, Christian Watrin, Walter E.Williams

Enregistré dans:
Détails bibliographiques
Autres auteurs: Trowbridge, Ronald L.
Format: Livre
Langue:anglais
Publié: Hillsdale College Press 1980
Édition:1. ed.
Sujets:
Tags: Ajouter un tag
Pas de tags, Soyez le premier à ajouter un tag!

MARC

LEADER 00000nam a2200000 4500
001 c002849
005 20221220103226.6
041 0 |a eng 
044 |a US 
245 1 0 |a Champions of Freedom the Ludwig von Mises Lecture Series: M. Stanton Evans, Thomas Sowell, Arthur Shenfield, Christian Watrin, Walter E.Williams  |c Edit. Ronald L. Trowbridge 
250 |a 1. ed. 
264 1 |a Hillsdale  |b College Press  |c 1980 
300 |a 98 s. 
610 2 0 |a neokonzervativizmus 
610 2 0 |a sloboda 
610 2 0 |a informácie 
610 2 0 |a rozhodovanie 
610 2 0 |a vláda 
610 2 0 |a práca 
610 2 0 |a obchod 
610 2 0 |a USA 
610 2 0 |a plánovanie makroekonomické 
610 2 0 |a chudoba 
700 1 |a Trowbridge, Ronald L.